El Poderío naval ruso
Պահպանված է:
| Հիմնական հեղինակ: | |
|---|---|
| Ձևաչափ: | Տեքստ |
| Հրապարակվել է: |
Buenos Aires:
Pleamar
|
| Հրատարակություն: | 2 |
| Ցուցիչներ: |
Ավելացրեք ցուցիչ
Չկան պիտակներ, Եղեք առաջինը, ով նշում է այս գրառումը!
|
MARC
| LEADER | 00000 a a2200000 04500 | ||
|---|---|---|---|
| 001 | 23744 | ||
| 003 | |||
| 040 | |a CRAI/IIS |c CRAI/IIS | ||
| 090 | |a 164200 | ||
| 100 | |a Fairhall, David | ||
| 245 | |a El Poderío naval ruso | ||
| 250 | |a 2 | ||
| 260 | |a Buenos Aires: |b Pleamar | ||
| 300 | |a 243 p |b **no definido** |b il. |b map. | ||
| 999 | |c 17457 |d 17457 | ||
